Kỹ thuật nhiệt

Shranjeno v:
Bibliografske podrobnosti
Glavni avtor: Bùi, Hải
Format: Knjiga
Jezik:Undetermined
Izdano: Hà Nội Khoa học và Kỹ thuật 2002
Teme:
Oznake: Označite
Brez oznak, prvi označite!
Thư viện lưu trữ: Trung tâm Học liệu Trường Đại học Cần Thơ
LEADER 00547nam a2200193Ia 4500
001 CTU_63009
008 210402s9999 xx 000 0 und d
020 |b 28000 
082 |a 621.402 
082 |b H103 
100 |a Bùi, Hải 
245 0 |a Kỹ thuật nhiệt 
245 0 |c Bùi Hải và Trần Thế Sơn 
260 |a Hà Nội 
260 |b Khoa học và Kỹ thuật 
260 |c 2002 
650 |a Heat engineering 
904 |i Minh (Nguyên sửa) 
980 |a Trung tâm Học liệu Trường Đại học Cần Thơ